MAASAI MARA UNIVERSITY

LIBRARY CATALOGUE

Contact Us: +254 020 2685356/7 or 0774 057787

Box: 861-20500, NAROK, KENYA

Email: info@mmarau.ac.ke

Bott Ed (Record no. 3387)

MARC details
000 -LEADER
fixed length control field 00447nam a2200145Ia 4500
008 - FIXED-LENGTH DATA ELEMENTS--GENERAL INFORMATION
fixed length control field 151015s9999 xx 000 0 und d
020 ## - INTERNATIONAL STANDARD BOOK NUMBER
International Standard Book Number 789701766
050 ## - LIBRARY OF CONGRESS CALL NUMBER
Classification number QA 76.76 .O63 B645 1995
245 ## - TITLE STATEMENT
Title Bott Ed
250 ## - EDITION STATEMENT
Edition statement _Using Microsoft office for windows 95 The fast and easy way to learn Ed Bott
300 ## - PHYSICAL DESCRIPTION
Extent indianapolis Que 1995
500 ## - GENERAL NOTE
General note Include index
650 ## - SUBJECT ADDED ENTRY--TOPICAL TERM
Topical term or geographic name as entry element _Microsoft office tools
700 ## - ADDED ENTRY--PERSONAL NAME
Personal name ^d20120814 10:24:15^okorir

No items available.

© 2016 Maasai Mara University.